| 000 | 00377nam a2200157Ia 4500 | ||
|---|---|---|---|
| 008 | 210210b1946 xxu||||| |||| 00| 0 eng d | ||
| 041 | _aeng | ||
| 082 | _a520/18 | ||
| 100 | _aBARTON (William H) | ||
| 245 | _aStarcraft | ||
| 260 |
_aNew York _bMcGraw Hill Book Company _c1946 |
||
| 300 | _a250 | ||
| 650 | _aStarcraft | ||
| 700 | _aJOSEPH (Joseph Maron) | ||
| 906 | _a008003 | ||
| 999 |
_c125861 _d125861 |
||